| 000 | 00478nam a2200193Ia 4500 | ||
|---|---|---|---|
| 003 | OSt | ||
| 005 | 20251212124234.0 | ||
| 008 | 250729s2005 xx 000 0 und d | ||
| 040 | _cAL | ||
| 041 | _aeng | ||
| 082 | _a370.78 RAHE | ||
| 100 |
_aRahman Azibur _9227018 |
||
| 245 | _aEducation and rehabitation of mentally handicapped | ||
| 260 |
_aNew Delhi _c2005 |
||
| 300 | _a155p | ||
| 650 |
_aEducation _9227019 |
||
| 700 |
_aRao Digumurthi _9227020 |
||
| 942 |
_2ddc _cBED |
||
| 999 |
_c237502 _d237502 |
||